000 01374nam a2200337 i 4500
003 EG-GICUC
005 20260426094036.0
008 260426s1934 ua ||||fr|||| 00| 0 ara d
017 _a3000/1933
040 _a EG-GICUC
_bara
_c EG-GICUC
_d EG-GICUC
_erda
041 _aara
082 0 4 _221
_a343.3844
_bع ل . م
092 0 4 _221
099 _aLaw1 10 343.3844 ع ل . م 1ed 1934
100 1 _aعلى فهمى
_eمؤلف.
245 _aمجموعة القواعد القانونية التى قررتها محكمة النقض و الإداع فى المواد الجنائية :
_bوضعها .
_nالجزء الاول ،
_pعن المدة بين 8 نوفمبر سنة 1928 و بين 27 فبراير سنة 1930 /
_cعلى فهمى .
250 _aالطبعة الاولى
264 _aالقاهرة :
_bمطبعة دار الكتب المصرية بالقاهرة ،
_c1934 .
300 _a527؛ صفحة
_c24 سم
336 _2rda content
_atext
337 _2rda media
_aComputer
338 _2rda carrier
_aOnline Resource
546 _aالنص باللغة العربية
650 1 _aالقانون الجنائى
650 1 _aالنقض
651 1 _2qrmak
700 _aمحمود احمد عمر
_eمؤلف مشارك.
856 4 0 _uhttps://fll.law.cu.edu.eg/fulltext/bks/B10-10923.pdf
905 _a60
942 _2ddc
_cBK
_e21
_n0
999 _c73413
_d73413